书目信息 |
| 书名: | Management of electronic media | |
| 作者: | Alan B. Albarran. | |
| 分册号: | ||
| 分册名: | 出版地: | Belmont : |
|
| 出版社: | Wadsworth Pub. Co | |
| 出版时间: | c1997. | |
| 页数: | xix, 324 p. : | |
| 开本: | 25 cm. | |
| 丛书名: | ||
| 中图分类号: | ||
| 科图分类号: | ||
| 其他分类号: | G206.3-36 | |
| 主题词: | ||
| 电子资源: | ||
| 000 | 01033cam a2200277 a 450 | |
| 001 | E0730075683 | |
| 005 | 20070506084823.03 | |
| 008 | 960410s1997 cauab b 001 0 eng | |
| 010 | @a96019353 | |
| 020 | @a0534262740 (acid-free paper). | |
| 035 | @A(DLC) 96019353 | |
| 040 | @aDLC@cDLC@dDLC | |
| 050 | 00 | @aP96.M34@bA4 1997 |
| 082 | 00 | @a384.54/068@2 20 |
| 090 | @aG206.3-36 | |
| 099 | @dG206.3-36@ex25 | |
| 100 | 1 | @aAlbarran, Alan B. |
| 245 | 10 | @aManagement of electronic media / @cAlan B. Albarran. |
| 260 | @aBelmont :@bWadsworth Pub. Co.,@cc1997. | |
| 300 | @axix, 324 p. :@bill., maps ;@c25 cm. | |
| 504 | @aIncludes bibliographical references and index. | |
| 650 | 0 | @aMass media@xManagement. |
| 906 | @a7@bcbc@corignew@d1@eocip@f19@gy-gencatlg | |
| 920 | @a**LC HAS REQ’D # OF SHELF COPIES** | |
| 955 | @apc18 to ja00 04-11-96;jf05 to subj. 04/11/96; jf08 04-12-96 to HLCD (P);le03 05-15-96; le02 to ddc 04-16-96;aa05 04-46-96; CIP ver.pv07 08-22-96 | |
| 991 | @bc-GenColl@hP96.M34@iA4 1997@tCopy 1@wBOOKS | |
| Management of electronic media / / Alan B. Albarran.-Belmont : : Wadsworth Pub. Co., , c1997. |
| xix, 324 p. : : ill., maps ; ; 25 cm. |
| Includes bibliographical references and index. |
| ISBN 0534262740 (acid-free paper). |
| ● |
| 相关链接 |
|
|
|
|
正题名:Management of electronic media
索取号:G206.3-36/x25
 
预约/预借
| 序号 | 登录号 | 条形码 | 馆藏地/架位号 | 状态 | 备注 |
| 1 | 0007064 | 300070642 | 第二样本阅览室/ [索取号:G206.3-36/x25] | 在馆 |